| 000 | 00532nam a2200181 a 4500 | ||
|---|---|---|---|
| 001 | 000009251 | ||
| 005 | 20200929161531.0 | ||
| 008 | 090929s2004 dr a 001 0 spa d | ||
| 040 | _aDO-SdBNP | ||
| 082 | _axxx | ||
| 245 | 0 | 3 |
_aLa salud integral : _bII passatore. |
| 260 |
_aSanto Domingo, : _bFundación Olimpia Milano, _c2004. |
||
| 300 |
_a172 p. : _bil ; _c21 cm. |
||
| 490 | 1 | _aBuscando la perfección | |
| 504 | _aIncluye referencias bibliográficas [p.169-172] | ||
| 830 | 0 |
_aBuscando la perfección _919709 |
|
| 049 | _aBNPD | ||
| 999 |
_c9013 _d9013 |
||